| 000 | 00663nam a2200121Ia 4500 | ||
|---|---|---|---|
| 008 | 220620s9999||||xx |||||||||||||| ||und|| | ||
| 100 | _aChernilo, Daniel | ||
| 245 | 0 |
_aDebating Humanity _bTowards a Philosophical Sociology |
|
| 546 | _aEnglish[eng] | ||
| 650 | _aSociology||Philosophy||Sociology||Anthropocentrism||Hannah Arendt||Human||Humanism||Immanuel Kant||Jean-Paul Sartre||Jürgen Habermas||Martin Heidegger||Social norm | ||
| 856 | _uhttps://library.oapen.org/bitstream/20.500.12657/31367/1/630210.pdf||https://library.oapen.org/bitstream/20.500.12657/31367/1/630210.pdf||https://library.oapen.org/bitstream/20.500.12657/31367/1/630210.pdf | ||
| 942 | _cEB | ||
| 999 |
_c21610 _d21610 |
||